000 00347nam a2200133Ia 4500
008 230413s9999||||xx |||||||||||||| ||und||
020 _a9789333211628
082 _a004.6782
_bJ21
100 _aJadhav, Bhushan & Jadhav, Sonali
245 0 _aGrid and cloud computing
260 _aPune
_bTechnical Publication
_c2017
300 _avp
942 _cBK
999 _c26502
_d26502